Günahıyla sevabıyla Deniz Baykal (Record no. 3122)

MARC details
000 -BAŞLIK
Sabit Uzunlukta Kontrol Alanı 00997na a2200289 4500
001 - KONTROL NUMARASI
Denetim Alanı 17293
003 - KONTROL NUMARASI IDENTIFIER
Denetim Alanı MIRAKIL
005 - SON İŞLEM TARİHİ VE ZAMANI
Denetim Alanı 20181213154921.0
008 - SABİT-BOY VERİ ELEMANLARI - GENEL BİLGİLER
Sabit Uzunlukta Kontrol Alanı 161024b tu 000 0
020 ## - ULUSLARARASI STANDART KİTAP NUMARASI
Uluslararası Standart Kitap Numarası 9755212302
040 ## - KATALOGLAMA KAYNAK
Orijinal Kataloglama Ajansı Milas
Kataloglama Dili tur
Metne Dönüştürmek Ajansı TR-AnCHP
041 ## - DİL KODU
Metin / Ses Parça Veya Ayrı Başlığın Dil Kodu tur
082 ## - DEWEY ONLU SINIFLANDIRMA NUMARASI
Sınıflandırma Numarası CHP 324.2172 Baykal,D.
Ürün Numarası P56g 1999
090 ## - SINIFLAMA NUMARASI
Sınıflama Numarası CHP 324.2172 Baykal,D. P56g 1999
100 ## - ANA GİRİŞ - KİŞİSEL İSİM
Kişisel Ad Pirim, Oktay
245 ## - BAŞLIK TABLOSU
Başlık Günahıyla sevabıyla Deniz Baykal
Başlığın Kalan 40 yıllık siyasal serüvenin öyküsü
Sorumluluk Tablosu, Vb Oktay Pirim; yayına hazırlayan Sultan Polat
246 ## - UNVAN FORM VARYING
Başlık Doğru / Kısa Başlığı 40 yıllık siyasal serüvenin öyküsü
260 ## - YAYIN, DAĞITIM, VB
Yayın, Dağıtım, Vb Yeri İstanbul
Yayıncı, Dağıtıcı, Vs Adı Boyut
Yayın, Dağıtım, Vb Tarihi 1999
300 ## - FİZİKSEL TANIM
Kapsam 136 s.
Diğer Fiziksel Ayrıntıları res.
Boyutlar 21 sm.
440 ## - SERİSİ TABLOSU / KATMA GİRİŞİ - BAŞLIK
Başlık Boyut Kitapları
490 ## - SERİSİ TABLOSU
Seri Beyanı Türk Siyasal Hayatında Portreler
Hacim / Ardışık Tanımı 1999-1
504 ## - KAYNAKÇA VB NOT
Kaynakça Vb Notu Kaynakça var.
600 ## - KONU KATMA GİRİŞ - KURUMSAL ADI
Kişisel Ad Baykal, Deniz
Genel Alt Bölümü Yaşamöyküsü
Kronolojik Alt Bölümü Siyasal yaşam
610 ## - KONU KATMA GİRİŞ - TOPLANTI ADI
Giriş Elemanı Olarak Kurumsal Ad Veya Yargı Alanı Adı Cumhuriyet Halk Partisi (CHP)
Genel Alt Bölüm CHP Genel başkanları
650 ## - KONU KATMA GİRİŞ - TOPİKAL DÖNEM
Topikal Süreli Veya Coğrafi Ad Giriş Elemanı CHP
Genel Alt Bölümü Genel başkanlar
Kronolojik Alt Bölümü Yaşamöyküsü
942 ## - EKLENDİ GİRİŞ ELEMANLARI (KOHA)
Sınıflandırma Veya Raf Düzeni Kaynak Dewey Decimal Classification
Koha Öğesi Türü Books
999 ## - SİSTEM KONTROL NUMARALARI (KOHA)
Koha Biblionumber 3122
Koha Biblioitemnumber 3122
Holdings
Kalıcı Konum Mevcut Konum Edinme Tarihi Edinim Kaynak Toplam Check-Out'Lar Tam Çağrı Numarası Barkod Tarih Son Görülme İtibaren Geçerli Fiyatlar Koha Öğesi Türü
CHP Kütüphanesi CHP Kütüphanesi 10/24/2016 Bağış   CHP 324.2172 Baykal,D. P56g 1999 005868 10/24/2016 10/24/2016 Books